Charlie Brown or Radiohead? Quiz Stats

 Plays Quiz Updated May 28, 2016

Challenge
Share
Tweet
Embed
Score 0/20 Timer 07:00
1 Play Today
Quote (C)harlie Brown or (R)adiohead % Correct
What the hell am I doing here? I don't belong here.???
84.1%
Whenever you get too happy, something bad always happens.???
79.5%
My anxieties have anxieties. ???
76.6%
I'm not living. I'm just killing time.???
76.2%
My stomach hurts.???
75.9%
I feel like going home to bed, but it's only noon.???
72.3%
I've given all I can... it's not enough.???
70.9%
Don't get sentimental. It always ends up drivel.???
70.4%
I only dread one day at a time.???
69.9%
Yesterday I woke up sucking a lemon.???
69.6%
Quote (C)harlie Brown or (R)adiohead % Correct
You used to be alright. What happened? Did the cat get your tongue????
69.5%
Happiness is anyone and anything that's loved by you.???
67.4%
If you'd been a dog, they would've drowned you at birth.???
67%
Everybody leaves if they get the chance, and this is my chance.???
65%
I'm still hoping that yesterday will get better.???
64.8%
If it goes without saying, why did you say it????
64.3%
I'd tell my friends, but they'd never believe me. They'd think that I'd finally lost it completely.???
61.2%
It's gonna be a glorious day. I feel my luck could change.???
54.4%
What can you do when you don't fit in? What can you do when life seems to be passing you by????
52.4%
I'm dying, and all I hear is insults.???
48.4%

You're not logged in!

Compare scores with friends on all Sporcle quizzes.
OR
Log In

You Might Also Like...

Show Comments

Extras

Top Quizzes Today


Score Distribution

Your Account Isn't Verified!

In order to create a playlist on Sporcle, you need to verify the email address you used during registration. Go to your Sporcle Settings to finish the process.

Report this User

Report this user for behavior that violates our Community Guidelines.

Details: